top 13 des animés les plus connus - Statistiques

Statistiques générales
  • Ce quiz a été pris 359 fois
  • Le résultat moyen est 5 sur 13
Statistiques - réponses
Réponse % Correct
One piece
98%
Naruto
97%
Dragon ball Z
79%
l'attaque des titans
61%
Hunter x Hunter
55%
Death note
51%
Fullmetal Alchemist
24%
Naruto Shippuden
19%
Jojo's Bizarre Adventure
12%
Code Geass
10%
Cowboy bebop
6%
Neon Genesis Evangelion
3%
Steins gate
3%
Aucun quiz correspondant
Distribution des résultats
% des personnes avec chaque résultat
Percentile par nombre de réponses
Votre historique - résultats
Vous n’avez pas pris ce quiz